000 02748nam a22002657a 4500
003 Uzh_bibl
008 250401b |||||||| |||| 00| 0 ukr d
020 _a966-575-122-0
_c13.96
040 _bукр.
041 _2ukr
_aukr
080 _a726.6(477)
090 _a726.6(477)
_bЗ 13
100 _aЗавада, Віктор
245 _aДерев'яні храми Полісся.
_cРед. О. Артеменко;
_hТекст
260 _aКиїв
_bТехніка
_c2004
300 _a168 с.
_bіл.
490 _aНаціональні святині України
520 _aКнижку присвячено одному з найбільш яскравих та самобутніх явищ в історії українського культового зодчества - дерев'яним церквам Полісся. Значні лісові масиви і досить щільна мережа річок, боліт та озер обумовили тривалу ізоляцію цього краю від оточуючого світу, а також існування тут чи не найбільшої кількості реліктових форм матеріальної та духовної кульутри в Європі. Значення цього фактору зростає ще більше з погляду на локалізацію тут у давнину історичної прибатьківщини слов'ян, що дозволяє розглядати численні архітектурно-будівельні архаїзми Полісся як первісні форми української сакральної архітектури. ґрунтуючись на матеріалі славних досліджень багатьох пам'яток дерев'яної архітектури ХVI - початку ХХ ст. на території Полісся, а також на численних літературних та архівних джерел, автор відтворює широку картину формування цілої низки найрізноманітніших типів дерев'яних храмів і їх нерозривний зв'язок з найдавнішими традиціями вітчизняного зодчества.
521 _a Для широкого кола читачів
546 _aукр.
650 _aНауково-популярне видання
653 _aБіля джерел.
_aМіж язичництвом і християнством.
655 _aРелігія
_vТуристичний путівник
942 _2udc
_cBK
999 _c17431
_d17431